[Event "Rio de Janeiro Motta Memorial 2nd"]
[Site "Rio de Janeiro"]
[Date "2018.02.27"]
[Round "2"]
[White "Faraco, Pedro Malheiros"]
[Black "Mesquita, Jose Carlos"]
[Result "0-1"]
[WhiteElo "1643"]
[BlackElo "1951"]
[PlyCount "46"]
[EventDate "2018.02.20"]
[EventType "swiss"]
[EventRounds "6"]
[EventCountry "BRA"]
[SourceTitle "CBM 183 Extra"]
[Source "ChessBase"]
[SourceDate "2018.04.19"]
[SourceVersion "1"]
[SourceVersionDate "2018.04.19"]
[SourceQuality "1"]

1. d4 Nf6 2. c4 Nc6 3. Nc3 e5 4. d5 Ne7 5. e4 Ng6 6. Nf3 Bb4 7. Qc2 0-0 8. Bd2 Bxc3 9. Bxc3 d6 10. c5 Nd7 11. cxd6 cxd6 12. Bd3 Nc5 13. 0-0 Nxd3 14. Qxd3 f5 15. Bb4 fxe4 16. Qxe4 Rf4 17. Qe1 Bg4 18. Bd2 Bxf3 19. Bxf4 Nxf4 20. Qe3 Bxg2 21. Rfe1 Qg5 22. Qg3 Qf5 23. Rad1 Bxd5 0-1

[Event "Rio de Janeiro De Souza Memorial 1st"]
[Site "Rio de Janeiro"]
[Date "2017.09.19"]
[Round "4"]
[White "Mesquita, Jose Carlos"]
[Black "Cruz, Jose Carlos Arruda"]
[Result "1-0"]
[WhiteElo "1958"]
[BlackElo "1879"]
[PlyCount "61"]
[EventDate "2017.08.29"]
[EventType "swiss"]
[EventRounds "6"]
[EventCountry "BRA"]
[SourceTitle "CBM 189 Extra"]
[Source "ChessBase"]
[SourceDate "2019.06.03"]
[SourceVersion "1"]
[SourceVersionDate "2019.06.03"]
[SourceQuality "1"]

1. e4 e5 2. Nf3 d6 3. d4 Bg4 4. dxe5 Bxf3 5. Qxf3 dxe5 6. Bc4 f6 7. Qb3 Qd6 8. Bxg8 Qb4+ 9. Qxb4 Bxb4+ 10. c3 Rxg8 11. cxb4 Nc6 12. Bd2 Nd4 13. Na3 0-0-0 14. Be3 Ne6 15. 0-0 g6 16. Rad1 f5 17. Rxd8+ Nxd8 18. Nc4 Re8 19. exf5 gxf5 20. g3 b5 21. Nd2 a6 22. Re1 Nf7 23. Kf1 Nd6 24. Bc5 Nf7 25. f3 h5 26. h4 Kd7 27. Kf2 Nh6 28. Be3 Nf7 29. Nb3 Ra8 30. Rd1+ Kc6 31. Na5# 1-0